The Fall of Jake Paul lyrics - Statistics

General Stats
  • This quiz has been taken 18 times
  • The average score is 378 of 440
Answer Stats
Answer % Correct
10
100%
a
100%
about
100%
admit
100%
advice
100%
ain't
100%
all
100%
all,
100%
and
100%
any
100%
bars,
100%
be
100%
brother
100%
But
100%
but
100%
call
100%
chicks
100%
day,
100%
dick
100%
Disney
100%
(Disney)
100%
Do
100%
dog,
100%
dog
100%
Don't
100%
don't
100%
every
100%
famous
100%
fans,
100%
feet
100%
few
100%
for
100%
forget
100%
funny
100%
garbage
100%
go
100%
got
100%
happen
100%
hard
100%
helped
100%
his
100%
Hold
100%
hold
100%
I
100%
I'll
100%
I'm
100%
in
100%
investors
100%
It
100%
it
100%
it)
100%
it's
100%
It's
100%
Jake
100%
Jake?
100%
Jakey
100%
Jakey,
100%
just
100%
kind
100%
kinda
100%
know
100%
Kong
100%
let's
100%
Let's
100%
lines?
100%
little
100%
Little
100%
Logang!
100%
long)
100%
made
100%
making
100%
me
100%
me)
100%
money,
100%
money?
100%
my
100%
no
100%
No,
100%
none
100%
not
100%
(not
100%
Now
100%
now
100%
of
100%
on
100%
on,
100%
once,
100%
other
100%
own
100%
puppy,
100%
read
100%
roast
100%
salty
100%
shadow
100%
shit
100%
should
100%
So
100%
some
100%
son
100%
song
100%
standing
100%
starts
100%
strong
100%
subscribers
100%
talent,
100%
talk
100%
Team
100%
thankful
100%
that
100%
(that's
100%
that's
100%
the
100%
think
100%
to
100%
try
100%
tryna
100%
twice
100%
two
100%
up
100%
Vine
100%
we
100%
were
100%
(what)
100%
what
100%
What
100%
when
100%
When
100%
who
100%
with
100%
Yeah
100%
Yeah,
100%
yeah
100%
Yo
100%
you
100%
You
100%
your
100%
you're
100%
You're
100%
boy
88%
brought
88%
fuck
88%
here
88%
how
88%
If
88%
kick
88%
LA
88%
Maverick,
88%
Maverick
88%
one
88%
See
88%
side
88%
there's
88%
thing
88%
at
75%
cars
75%
cause
75%
Hey
75%
hey,
75%
mean
75%
Oh.
75%
oh
75%
throw
75%
top
75%
Trying
75%
welcome
75%
yeet
75%
acting
63%
as
63%
by
63%
can't
63%
class
63%
clothes
63%
dance
63%
face
63%
feel
63%
Feels
63%
glow
63%
good,
63%
grow
63%
house
63%
huh
63%
Looking
63%
matching
63%
means
63%
out
63%
phone
63%
rap
63%
real
63%
really
63%
same
63%
Same
63%
sell
63%
shows
63%
still
63%
too
63%
us
63%
wait
63%
way
63%
ball
50%
doing
50%
favourite
50%
find
50%
I'ma
50%
killing
50%
(Maybe
50%
play
50%
right
50%
used
50%
vibe,
50%
vibe
50%
Yah
50%
After
38%
Biologically,
38%
brothers
38%
came
38%
description)
38%
dirt
38%
each
38%
from
38%
gotta
38%
hurts
38%
insult
38%
life,
38%
like
38%
(Link
38%
love
38%
makes
38%
Man,
38%
mother
38%
much
38%
music
38%
need
38%
negativity,
38%
nothing
38%
put
38%
shirt
38%
Sometime
38%
stop?
38%
Teams
38%
was
38%
(Why?)
38%
wish
38%
wonder
38%
Dirk
25%
dogs
25%
done
25%
flow
25%
ruined
25%
why'd
25%
you've
25%
10's
13%
Catch
13%
Come
13%
happened
13%
No matching quizzes found
Score Distribution
Percent of People with Each Score
Percentile by Number Answered
Your Score History
You have not taken this quiz